[Event "10th KiiT Festival 2017"]
[Site "Bhubaneshwar"]
[Date "2017.06.01"]
[Round "9"]
[White "Aradhya, Garg"]
[Black "Raja, Rithvik R"]
[Result "1-0"]
[WhiteElo "2304"]
[BlackElo "2155"]
[Annotator "TA"]
[PlyCount "71"]
[EventDate "2017.05.26"]
[EventType "swiss"]
[EventCountry "IND"]
[SourceTitle "playchess.com"]
[Source "ChessBase"]
[SourceQuality "1"]

{[%evp 13,71,13,22,-5,-8,-6,21,16,21,9,18,11,77,82,65,56,70,41,58,66,111,56,66,58,179,160,202,202,243,219,200,209,194,196,243,239,261,258,333,330,393,237,529,565,906,906,620,641,893,899,869,865,974,943,1052,1073,4702,2468,5402,5322]} 1. d4 Nf6 2. c4 e6 3. Nf3 d5 4. Nc3 Bb4 5. cxd5 exd5 6. Bg5 h6 7. Bxf6 Qxf6 8. g3 {D38: Queen's Gambit Declined: Ragozin Defence (4 Nf3 Bb4)} (8. Qa4+ Nc6 9. e3 O-O 10. Be2 Be6 11. O-O a6 12. Rac1 Bd6 13. Qb3 Ne7 14. a3 Rfe8 15. Na4 b6 16. Nc3 Reb8 17. Rcd1 c5 18. Qc2 c4 19. e4 Qg6 20. Nh4 {0-1 (45) Dreev,A (2651)-So,W (2808) chess.com INT 2017}) 8... O-O 9. Bg2 Bf5 $146 ({Predecessor:} 9... c6 10. O-O Nd7 11. Rc1 Re8 12. a3 Bd6 13. Re1 Qd8 14. e3 {½-½ (14) Barlov,D (2424)-Ortega Hermida,D (2352) Las Palmas 2015}) 10. O-O {The position is equal.} Bxc3 11. bxc3 Be4 12. Qb3 Qa6 (12... b6 $11) 13. Ne5 $16 Bxg2 14. Kxg2 c6 15. e4 {Black must now prevent Rfb1.} dxe4 16. Rfe1 {[%cal Bf1e1,Be1e4,Be4f4][%mdl 32]} c5 17. d5 ({Don't do} 17. dxc5 Nc6 $14) (17. Rxe4 $16 cxd4 18. Nxf7 (18. cxd4 Nc6 $14)) 17... c4 $14 18. Qb4 {Qe7 is the strong threat.} b6 (18... Rd8 $14) 19. Rxe4 $18 Qb7 20. Qd6 b5 21. Rb1 Re8 22. Rf4 f6 {[#]} 23. Nxc4 $1 {[%mdl 512]} a6 (23... bxc4 24. Rxb7) 24. a4 Nd7 25. Na5 Qb6 26. Qxd7 Qxa5 27. axb5 $40 {[%mdl 128] White is out for blood.} Qxc3 $2 {[#]} (27... Rad8 28. Qb7 Rb8) 28. bxa6 {[%cal Bb5a6,Ba6a7][%mdl 32] White is clearly winning.} Qc8 29. Qxc8 Rexc8 {[%mdl 4096] Endgame KRR-KRR} 30. Ra4 Rd8 31. a7 Kh7 32. Rb7 h5 33. d6 {[%cal Bd5d6,Bd6d7][%mdl 32]} Kg6 34. Ra6 Rdc8 35. d7 Rd8 36. Rc6 {Precision: White = 79%, Black = 38%.} 1-0

[Event "10th KiiT Festival 2017"]
[Site "Bhubaneshwar"]
[Date "2017.06.01"]
[Round "9"]
[White "Muthaiah AL"]
[Black "Shyaamnikhil P"]
[Result "1/2-1/2"]
[WhiteElo "2289"]
[BlackElo "2457"]
[Annotator "TA"]
[PlyCount "50"]
[EventDate "2017.05.26"]
[EventType "swiss"]
[EventCountry "IND"]
[SourceTitle "playchess.com"]
[Source "ChessBase"]
[SourceQuality "1"]

{[%evp 15,50,-6,21,27,27,-3,-2,-17,0,0,0,-13,16,10,19,11,19,16,62,38,51,0,0,0,60,0,0,0,53,14,22,0,97,68,103,56,66]} 1. Nf3 c5 2. g3 g6 3. Bg2 Bg7 4. O-O Nc6 5. c4 e5 6. Nc3 Nge7 7. d3 O-O 8. Ne1 a6 9. Nc2 {A37: Symmetrical English vs ...g6: 4 Bg2 Bg7 5 Nf3} Rb8 10. a4 d6 11. Ne3 {The position is equal.} (11. Rb1 a5 12. Bg5 f6 13. Bd2 f5 14. f4 Be6 15. Nd5 Nb4 16. fxe5 Nbxd5 17. cxd5 Nxd5 18. exd6 Qxd6 19. Bxa5 {0-1 (34) Navara,D (2724)-Vachier Lagrave,M (2731) Biel 2015}) 11... h6 12. Ned5 Kh7 13. Rb1 Be6 14. Bd2 a5 15. f4 f5 16. Nb5 Bg8 $146 ({Predecessor:} 16... b6 17. Bc3 Qd7 18. Qd2 Nd4 19. Nbc7 Bg8 20. Nxe7 Qxe7 21. Bxd4 Qxc7 {0-1 (39) Schmidt,W-Gipslis,A Lublin 1969}) 17. b3 Qd7 18. Nb6 Qd8 19. Nd5 Qd7 20. Nb6 (20. e4 $14) 20... Qd8 $11 21. Nd5 $36 {[%mdl 2048] Black is under pressure.} b6 ({Better is} 21... Qd7 $11) 22. e3 Qd7 23. Qe2 Nd8 (23... Nxd5 $11 {remains equal.} 24. cxd5 Nb4) 24. Rbe1 Nec6 25. h3 Ne6 {Precision: White = 21%, Black = 24%.} 1/2-1/2

[Event "10th KiiT Festival 2017"]
[Site "Bhubaneshwar"]
[Date "2017.06.01"]
[Round "9"]
[White "Akash Pc, Iyer"]
[Black "Iniyan, P."]
[Result "0-1"]
[WhiteElo "2282"]
[BlackElo "2392"]
[Annotator "TA"]
[PlyCount "62"]
[EventDate "2017.05.26"]
[EventType "swiss"]
[EventCountry "IND"]
[SourceTitle "playchess.com"]
[Source "ChessBase"]
[SourceQuality "1"]

{[%evp 14,62,4,-16,-1,-29,-22,-26,-23,-31,-8,-29,-37,-14,39,58,54,70,75,0,35,-18,31,-13,-27,-47,-27,-37,-19,-14,-21,-104,-31,-47,220,209,230,87,221,80,46,-380,-163,-280,-273,-851,-850,-850,-843,-843,-842]} 1. d4 Nf6 2. Nf3 g6 3. Nc3 d5 4. Bf4 Bg7 5. e3 O-O 6. Be2 c6 7. Ne5 Nbd7 8. h4 Qb6 {D00: 1 d4 d5: Unusual lines} 9. a3 h5 10. f3 Nxe5 {Black has an edge.} 11. Bxe5 Bh6 $146 (11... Ne8 $5 {[%cal Rg7e5]} 12. Na4 Qa5+ 13. Qd2 Qxd2+ 14. Kxd2 b6 $11) ({Predecessor:} 11... Nd7 12. Bxg7 Kxg7 13. f4 Nf6 14. O-O Bf5 15. Bd3 e6 16. b4 Qc7 17. Na4 Nd7 18. Qe2 b5 19. Nc5 Nxc5 {½-½ (19) Mohr,G (2460)-Paunovic,D (2400) Brezovica 1988}) 12. g4 Nd7 ({Of course not} 12... Bxe3 13. Qd3 $14) 13. Bf4 $1 {[%cal Rf4h6]} Bg7 (13... Bxf4 $11 14. exf4 Nf6) 14. gxh5 $1 $14 e5 15. dxe5 Nxe5 {[#]} 16. h6 (16. Na4 $1 $16 {[%cal Ra4b6]} Qa5+ 17. c3) 16... Bh8 (16... Bf6 $5 {[%cal Rb6b2]}) 17. h5 (17. Na4 $14 Qa5+ 18. c3) 17... g5 18. h7+ Kxh7 19. Bxe5 $1 Bxe5 20. Qd3+ Kh6 21. O-O-O Re8 22. Na4 (22. Kb1 $1 $11 {keeps the balance.}) 22... Qa5 (22... Qa6 $17 23. Qxa6 bxa6) 23. f4 $1 $15 {[%cal Rf4e5]} gxf4 $2 {[%mdl 8192]} (23... Bf6 $1 $15 {stays ahead.} 24. Rdg1 g4 25. Bxg4 Bxg4 26. Rxg4 Re4) 24. Rdg1 $18 f5 25. Rg6+ Kh7 {[%cal Bh6h7,Bh7h8,Bh8g7][%mdl 32] [#]} 26. Bg4 (26. Qd1 $1 $18 {[%cal Rd1g1] is the precise move to win. aiming for Qg1.} Qd8 27. Qg1) 26... Rf8 $16 27. Rg5 $2 {[%mdl 8192]} (27. Bf3 $1 $14 {keeps the upper hand.} Qxa4 28. Kb1 fxe3 29. Qxe3) 27... Bf6 ({Not} 27... Qxa4 28. Bxf5+ Bxf5 29. Rxf5 $15) (27... fxe3 28. Nc3 $17) (27... Qb5 $142 28. c4 Qxc4+ 29. Qxc4 dxc4) 28. Bxf5+ (28. Rxf5 $142 Bxf5 29. Qxf5+ Kh8 30. Qg6) 28... Kh8 $19 29. Rg6 $2 (29. Bxc8 Bxg5 30. Qg6) 29... Bxf5 {Black is clearly winning.} 30. Rh6+ Kg7 31. Rg6+ Kh7 {Precision: White = 34%, Black = 37%.} 0-1

[Event "10th KiiT Festival 2017"]
[Site "Bhubaneshwar"]
[Date "2017.06.01"]
[Round "9"]
[White "Saurabh Anand"]
[Black "Reefat, Bin-Sattar"]
[Result "1/2-1/2"]
[WhiteElo "2266"]
[BlackElo "2437"]
[Annotator "TA"]
[PlyCount "101"]
[EventDate "2017.05.26"]
[EventType "swiss"]
[EventCountry "IND"]
[SourceTitle "playchess.com"]
[Source "ChessBase"]
[SourceQuality "1"]

{[%evp 16,101,12,14,33,23,41,50,62,50,65,-47,-37,-74,-31,-103,-103,-132,-81,-84,-61,-52,-64,-55,-61,-109,-110,-113,-120,-136,-91,-86,-91,-86,-46,-59,0,-54,0,-47,0,-48,-38,-99,-99,-102,-23,-19,-27,-39,0,0,0,0,0,0,0,0,0,-48,0,0,0,0,0,-81,-81,-81,-82,-97,-105,-101,0,0,0,-56,-56,-56,-56,-56,-56,-56,-56,-56,-56,-56,-56,-56]} 1. e4 e6 2. d4 d5 3. Nc3 Nf6 4. e5 Nfd7 5. f4 c5 6. Nf3 Nc6 7. Be3 Be7 8. Qd2 O-O 9. dxc5 Qa5 {C11: French: Classical System: 4 e5 and 4 Bg5 dxe4} (9... Nxc5 10. O-O-O a6 11. h4 Qc7 12. Bxc5 Bxc5 13. Bd3 f5 14. exf6 Rxf6 15. g3 h6 16. Qe2 Bd7 17. h5 {1-0 (55) Harikrishna,P (2762)-Shirov,A (2679) Austria 2016}) 10. O-O-O b6 11. Bb5 Bb7 {White is slightly better.} 12. Kb1 $1 Kh8 13. Nd4 (13. cxb6 $14 axb6 14. Nd4 Nxd4 15. Bxd4 (15. Qxd4 Rfd8 $14)) 13... Nxd4 $15 {[#]} 14. Bxd7 $146 ({Predecessor:} 14. Qxd4 bxc5 15. Qa4 Qxa4 16. Nxa4 d4 17. Bxd4 Bxg2 {½-½ (65) Hossain,E (2531)-Volkov,S (2594) Dubai 2009}) 14... bxc5 {[#] Hoping for ...Rfd8.} 15. Ne2 (15. Bxd4 $15 Rfd8 16. Na4 Qxd2 17. Rxd2) 15... Qxd2 $17 16. Rxd2 Nxe2 (16... Rad8 $142 17. Ba4 Nxe2 18. Rxe2 d4) 17. Rxe2 Rfd8 18. Bb5 a6 19. Ba4 $1 d4 20. Bc1 c4 21. c3 d3 22. Rd2 g5 23. fxg5 Bxg5 {[#]} 24. Rxd3 $1 {[%mdl 512]} cxd3 25. Bxg5 Rd5 (25... Rdc8 $1 $15) 26. Bb3 (26. Bf6+ $11 Kg8 27. Kc1) 26... Rc5 (26... Rd7 $1 $15) 27. Bf6+ Kg8 28. Kc1 a5 {[%cal Ba6a5,Ba5a4][%mdl 32] White must now prevent ...a4.} 29. Kd2 (29. Ba4 $1 $15) 29... a4 30. Bd1 Rb5 (30... Bd5 $17 31. b3 axb3 32. Bxb3 Bxb3 33. axb3 Rd5) 31. b3 $11 axb3 32. Bxb3 Be4 33. Re1 Bg6 34. g4 Kf8 35. h4 {Threatens to win with h5.} h6 36. h5 Bh7 37. g5 hxg5 (37... Bf5 {looks sharper.} 38. c4 Rba5 39. gxh6 Kg8 40. Rg1+ Kh7) 38. Bxg5 Rba5 39. Bf6 Ke8 40. Rg1 (40. c4 $11) 40... Rxa2+ $17 41. Bxa2 Rxa2+ {[%mdl 4096] Endgame KRB-KRB} 42. Ke3 Re2+ 43. Kf3 Rh2 (43... Kd7 $17 {aiming for ...Be4+.} 44. h6 Be4+ 45. Kg3 d2) 44. Rg4 $1 $11 {[%cal Rg4d4] Rd4 would kill now.} Kd7 ({But not} 44... Rxh5 $2 45. Rd4 $18) 45. h6 (45. Rh4 $11 d2 46. Rd4+ Kc6 47. Ke3) 45... Rxh6 {Black is slightly better.} 46. Rh4 Rxh4 47. Bxh4 Kc6 48. Bf6 Kd5 49. Ke3 Bg6 50. Kd2 Ke4 51. Bg7 {Precision: White = 55%, Black = 43%.} 1/2-1/2

[Event "10th KiiT Festival 2017"]
[Site "Bhubaneshwar"]
[Date "2017.06.01"]
[Round "9"]
[White "Sammed Jaykumar, Shete"]
[Black "Saravana, Krishnan P"]
[Result "1-0"]
[WhiteElo "2263"]
[BlackElo "2345"]
[Annotator "TA"]
[PlyCount "119"]
[EventDate "2017.05.26"]
[EventType "swiss"]
[EventCountry "IND"]
[SourceTitle "playchess.com"]
[Source "ChessBase"]
[SourceQuality "1"]

{[%evp 20,119,35,20,39,0,19,-5,10,0,6,-3,21,2,43,17,20,32,61,57,108,100,98,61,122,97,110,91,80,92,94,84,89,84,108,80,118,75,98,25,84,80,78,77,95,77,83,77,85,86,91,52,60,0,143,125,114,122,201,171,238,236,256,248,287,260,318,37,37,39,41,0,0,0,0,0,14,14,14,14,15,23,87,0,618,602,12832,12835,12835,2122,12842,12842,12844,12844,12845,12845,12845,12846,12846,12846,12846,12847]} 1. e4 e6 2. d4 d5 3. Bd3 dxe4 4. Bxe4 Nf6 5. Bf3 c5 6. Ne2 Nc6 {C01: French: Exchange Variation} 7. Be3 e5 (7... Nd5 8. Bxd5 Qxd5 9. Nbc3 Qd8 10. dxc5 Qxd1+ 11. Rxd1 Bd7 12. Nb5 O-O-O 13. c3 a6 14. Nd6+ Bxd6 15. cxd6 {0-1 (47) Vavulin,M (2582)-Popov,I (2596) Moscow 2016}) 8. Bxc6+ bxc6 9. dxe5 Qxd1+ 10. Kxd1 Ng4 11. Nd2 {LiveBook: 15 Games} Nxe5 12. h3 Be6 $146 ({Predecessor:} 12... Ba6 13. Nc3 O-O-O 14. Kc1 {1-0 (42) Thavandiran,S (2346)-Niemann,H (2288) Saint Louis 2016}) 13. Ke1 O-O-O 14. f4 Nd7 15. c4 g6 16. Rd1 Be7 17. Kf2 Rhe8 18. b3 Bf5 19. Nf3 h5 ({Better is} 19... Bc2 $14) 20. Ng3 $16 Be6 21. Ne4 Rf8 (21... Bf5 $14 22. Nd6+ Bxd6 23. Rxd6 Kc7) 22. Ne5 Kc7 23. Nxd7 Bxd7 24. Bxc5 Bxc5+ 25. Nxc5 {Hoping for Rhe1.} Bf5 26. Rhe1 {Black must now prevent Re7+.} Rxd1 27. Rxd1 {[%mdl 4096] Endgame KRB-KRN} a5 28. Kf3 h4 29. Ne4 (29. Rd2 $16) 29... Rb8 (29... a4 $1 $11 {keeps the balance.}) 30. Nc3 Re8 31. Kf2 Re7 32. Rd2 Re8 33. Rd4 Rh8 34. c5 Re8 35. Ne2 Rb8 36. Nc3 (36. Ke3 $14) 36... Rb4 (36... Re8 $11) 37. Ke3 Rb8 38. Ra4 Ra8 (38... Rd8 $16 39. Ne4 Bxe4 40. Rxe4 Rd5) 39. Ne4 $1 $18 Be6 (39... Re8 {was worth a try.} 40. Kf3 Be6) 40. Nd6 Bd5 41. Kf2 Kd7 42. b4 Rb8 43. a3 $2 ({And not} 43. Rxa5 Rxb4 44. Ra7+ Ke6 $11) ({White has to play} 43. bxa5 $18 {aiming for a6.} Ra8 44. a6) 43... axb4 $14 44. Rxb4 Ra8 $1 45. Rb7+ Ke6 46. Nxf7 Kf5 47. Nd6+ Kxf4 48. Rb4+ Ke5 49. a4 g5 50. Rg4 Kf6 {[#]} (50... Ke6 $11 {remains equal.}) 51. Rd4 ({White should try} 51. Ne4+ $1 $16 Bxe4 52. Rxe4) 51... Ra5 $2 {[%mdl 8192] [#]} (51... Rb8 $11) 52. Rxd5 $1 $18 {[%mdl 512] White is clearly winning.} cxd5 {KR-KN} 53. c6 Rxa4 54. c7 Ra8 55. c8=Q Rxc8 56. Nxc8 Ke5 57. Kf3 d4 58. Nb6 d3 59. Nc4+ Kd4 60. Nd2 {Precision: White = 48%, Black = 38%.} 1-0

[Event "10th KiiT Festival 2017"]
[Site "Bhubaneshwar"]
[Date "2017.06.01"]
[Round "9"]
[White "Srijit Paul"]
[Black "Arpita, Mukherjee"]
[Result "1/2-1/2"]
[WhiteElo "2248"]
[BlackElo "2102"]
[Annotator "TA"]
[PlyCount "82"]
[EventDate "2017.05.26"]
[EventType "swiss"]
[EventCountry "IND"]
[SourceTitle "playchess.com"]
[Source "ChessBase"]
[SourceQuality "1"]

{[%evp 26,82,-4,0,0,0,0,0,0,0,0,0,0,0,0,0,15,0,14,0,36,33,67,78,75,68,83,70,101,61,208,205,203,221,219,191,350,141,136,121,130,26,75,22,87,87,56,22,63,39,58,0,0,-73,-74,-97,-69,-29991,-125]} 1. e4 c5 2. Nf3 d6 3. d4 cxd4 4. Nxd4 Nf6 5. Nc3 a6 6. Be2 e5 7. Nb3 Be6 8. O-O Be7 9. Be3 O-O 10. f4 exf4 11. Rxf4 Nc6 12. Nd5 Bxd5 {B92: Sicilian Najdorf: 6 Be2} 13. exd5 Ne5 14. Rb4 {LiveBook: 21 Games} Qd7 {The position is equal.} (14... Qc7 15. a4 Nfd7 16. a5 Bf6 17. Qd2 Rfe8 18. Rf1 Ng6 19. c3 Re5 20. Rc4 {0-1 (52) Li,R (2446)-Troff,K (2517) Saint Louis 2015}) 15. a4 Bd8 16. a5 Rc8 17. c3 Re8 18. Ba7 $146 ({Predecessor:} 18. Qd2 Neg4 19. Bf4 Ne4 20. Qd3 {0-1 (56) Zolochevsky,V (2051)-Nekhaev,A (2222) ICCF email 2007}) 18... h6 19. Qd2 Nh7 20. Rf1 Bg5 21. Qd1 Nf8 22. Nd4 Ra8 23. Bb6 Nfg6 24. Nf5 Ne7 25. Ng3 N7g6 $1 26. Qb3 Rac8 27. Bd1 Bh4 (27... Nh4 $14) 28. Nf5 $18 Nf3+ 29. Bxf3 Qxf5 30. Qd1 Qe5 $2 {[#]} (30... Ra8 31. Be4 Qg5 32. Bxg6 fxg6) 31. Bg4 (31. Qa4 $18 {and the rest is easy. Threatens to win with Re4.} Re7 32. Rxh4) 31... Ra8 $16 32. Qf3 Qe7 33. Bf5 (33. Bd4 $16) 33... Bf6 34. Re4 (34. Be4 $16) 34... Qf8 (34... Ne5 $11 {keeps the balance.} 35. Qf2 Rf8) 35. Bxg6 fxg6 36. Rfe1 Re5 37. Rxe5 Bxe5 38. Qg4 (38. Qxf8+ $14 Rxf8 39. Re4) 38... Qf7 39. Re2 (39. Qc4 $11) 39... Qxd5 $17 40. g3 Re8 {...h5 is the strong threat.} 41. Qd7 $2 {[%mdl 8192] [#]} (41. Rf2 $15) 41... Re6 $2 {Precision: White = 34%, Black = 27%.} (41... Qd1+ {mates} 42. Re1 Qxe1+ 43. Kg2 Qe2+ 44. Bf2 Rf8 45. Qd8 Qxf2+ 46. Kh3 Rxd8 47. b3 Qf1+ 48. Kh4 Bf6+ 49. Kg4 h5#) 1/2-1/2

[Event "10th KiiT Festival 2017"]
[Site "Bhubaneshwar"]
[Date "2017.06.01"]
[Round "9"]
[White "Srijit Paul"]
[Black "Arpita, Mukherjee"]
[Result "*"]
[WhiteElo "2248"]
[BlackElo "2102"]
[Annotator "TA"]
[PlyCount "46"]
[EventDate "2017.05.26"]
[EventType "swiss"]
[EventCountry "IND"]
[SourceTitle "playchess.com"]
[Source "ChessBase"]
[SourceQuality "1"]

{[%evp 22,30,-6,-27,-10,0,-20,-12,0,0,0]} 1. e4 c5 2. Nf3 d6 3. d4 cxd4 4. Nxd4 Nf6 5. Nc3 a6 6. Be2 e5 7. Nb3 Be6 8. O-O {[%cal Bh1f1,Bf1f4,Bf4b4][%mdl 32]} Be7 9. Be3 O-O 10. f4 exf4 11. Rxf4 Nc6 12. Nd5 Bxd5 {B92: Sicilian Najdorf: 6 Be2} 13. exd5 {The position is equal.} Ne5 14. Rb4 Qd7 (14... Qc7 15. a4 Nfd7 16. a5 Bf6 17. Qd2 Rfe8 18. Rf1 Ng6 19. c3 Re5 20. Rc4 {0-1 (52) Li,R (2446)-Troff,K (2517) Saint Louis 2015}) 15. a4 Bd8 {Predecessor:} 16. h3 $146 Re8 17. Qd4 Ng6 18. Bf3 Nh4 19. Rf1 Nf5 20. Bg4 Nxd4 21. Bxd7 Rxe3 22. Rxf6 Nxb3 23. Rff4 Nc5 {0-1 (23) Keller,P (2110)-Zimmermann,H (2122) Hessen 2014} *

[Event "10th KiiT Festival 2017"]
[Site "Bhubaneshwar"]
[Date "2017.06.01"]
[Round "9"]
[White "Singh, S  Vikramjit"]
[Black "Laxman, R R"]
[Result "*"]
[WhiteElo "2213"]
[BlackElo "2417"]
[Annotator "TA"]
[PlyCount "86"]
[EventDate "2017.05.26"]
[EventType "swiss"]
[EventCountry "IND"]
[SourceTitle "playchess.com"]
[Source "ChessBase"]
[SourceQuality "1"]

{[%evp 15,86,-16,-5,-102,-122,-125,-29,-105,-108,-135,-129,-134,-135,-131,-130,-123,-129,-119,-106,-108,-96,-131,-133,-127,-129,-123,-123,-112,-115,-112,-117,-163,-151,-162,-135,-140,-116,-154,-116,-116,-116,-116,-116,-137,-120,-154,-131,-124,-131,-170,-171,-170,-77,-112,-3,-3,97,-135,-114,-272,-234,-247,-288,-314,-302,-328,-298,-296,-225,-181,-148,-274,-285]} 1. d4 Nf6 2. c4 e6 3. Nf3 d5 4. Nc3 Bb4 5. Qa4+ Nc6 6. Bg5 dxc4 7. a3 Bxc3+ 8. bxc3 Qd5 {LiveBook: 27 Games. D39: Queen's Gambit Declined: Ragozin Defence with 5 Bg5 dxc4} 9. Bf4 (9. Bxf6 $1 $11 gxf6 10. Qc2) (9. Bxf6 gxf6 10. Nd2 b5 11. Qc2 a6 12. e4 Qd7 13. g3 Bb7 14. Bg2 Ne7 15. O-O O-O 16. Rfd1 {½-½ (29) Topalov,V (2816)-Aronian,L (2765) Saint Louis 2015}) 9... Bd7 $17 {And now ...Qe4 would win.} 10. Qd1 Qf5 $146 ({Black should try} 10... Ne4 $17 11. e3 g5) ({Predecessor:} 10... Ne4 11. Qc2 O-O-O 12. Rb1 Qf5 13. Qb2 Na5 14. Bd2 Bc6 15. g4 Qxg4 16. Ne5 Qf5 17. f3 Nxd2 {0-1 (17) Geldyeva,M (2169)-Khademalsharieh,S (2450) Chengdu 2017}) 11. g3 (11. e3 $11 {remains equal.}) 11... Nd5 12. Bd2 e5 $1 13. dxe5 Nxe5 14. Bg2 {aiming for Nd4.} Nxf3+ $1 15. Bxf3 O-O-O 16. O-O {Hoping for e4.} Qe5 17. Qc2 h5 18. Qa2 Bg4 19. Qxc4 Bxf3 20. exf3 Nb6 21. Qf4 Qxf4 22. Bxf4 Rd3 23. Be5 f6 ({Not} 23... Rxf3 24. Bxg7 Rg8 25. Bd4 $11) 24. Bd4 Nc4 25. Rfe1 Kd7 26. Rad1 Rxd1 27. Rxd1 {[%mdl 4096] Endgame White wants to play Bxf6+. KRB-KRN} Kc6 28. a4 Re8 29. h4 a5 30. Kg2 Nb2 31. Ra1 Kd5 32. Rb1 Re2 $1 (32... Nxa4 33. Rxb7 c5 34. Be3 $15) 33. g4 c5 ({Stronger than} 33... Nxa4 34. Rxb7 c5 35. Be3 $16) (33... b6 $19 {has better winning chances.} 34. gxh5 Nxa4) 34. Be3 b6 ({Inferior is} 34... Nxa4 35. Rxb7 g6 36. Rb5 $16) ({Black should play} 34... hxg4 $1 $17 {Threatens to win with ...b6.} 35. fxg4 Rc2) 35. gxh5 $11 Nxa4 {[#]} (35... Rc2 $11) 36. Rd1+ $2 {[#]} (36. Rg1 $1 $16 {is forced if you want to stay better.}) 36... Ke6 $1 $17 37. Rd8 $2 (37. Rc1 $17) 37... Nxc3 $19 38. h6 gxh6 39. Bxh6 Re5 40. Kg3 Kf5 41. h5 Ne2+ 42. Kh4 Nd4 43. Kg3 (43. Be3 $17 {only move.}) 43... a4 {Precision: White = 30%, Black = 62%.} *

[Event "10th KiiT Festival 2017"]
[Site "Bhubaneshwar"]
[Date "2017.06.01"]
[Round "9"]
[White "Aronyak Ghosh"]
[Black "Dileep Kumar R"]
[Result "0-1"]
[WhiteElo "2191"]
[BlackElo "1944"]
[Annotator "TA"]
[PlyCount "90"]
[EventDate "2017.05.26"]
[EventType "swiss"]
[EventCountry "IND"]
[SourceTitle "playchess.com"]
[Source "ChessBase"]
[SourceQuality "1"]

{[%evp 20,90,23,33,31,18,40,35,30,0,41,38,47,38,49,43,61,50,51,43,58,22,34,28,59,59,56,53,91,79,115,115,111,112,135,139,174,88,88,88,178,106,102,114,114,82,120,118,186,186,234,216,291,291,518,550,525,490,734,630,656,647,645,491,299,0,0,-29994,-29995,-29995,-29996,-29996,-29997]} 1. Nf3 Nf6 2. b3 g6 3. Bb2 Bg7 4. g3 O-O 5. Bg2 d6 6. d4 Nbd7 7. O-O c5 8. c4 a6 9. Nc3 Rb8 10. dxc5 Nxc5 11. Nd4 Bd7 {E65: King's Indian: Fianchetto: 6...c5 7 0-0 without d5 by White} 12. Qd2 (12. Rc1 Ne6 13. Nc2 b5 14. cxb5 axb5 15. Nb4 Qa5 16. a3 {0-1 (40) Marin,M (2576)-Pak,Y (2401) Almaty 2016}) 12... Qc8 $146 ({Predecessor:} 12... Ne6 13. Nc2 Qa5 14. Rfd1 Qh5 15. Nd5 Nxd5 16. Bxg7 Kxg7 17. cxd5 Nc5 18. Ne3 Kg8 19. Rac1 {½-½ (57) Anelli,A (2120)-Arias,J (2116) Villa Martelli 2017}) 13. Rfc1 Bh3 {White is slightly better.} 14. Bh1 e5 15. Nc2 Rd8 16. Nb4 Qf5 17. Nbd5 Kh8 18. Nxf6 Bxf6 19. Qc2 Qh5 20. Nd5 Bg7 $1 21. Bf3 Bg4 22. Bxg4 Qxg4 23. Kg2 f5 24. f3 $36 {[%mdl 2048] White is in control.} Qg5 25. h4 Qh5 26. Rh1 Rf8 27. Rad1 Rbe8 28. Bc1 (28. Nb6 $18) 28... Ne6 $16 29. Be3 e4 {[#]} (29... Rf7 $16) 30. f4 (30. Nf4 $1 $18 {[%cal Rf4h5]} Nxf4+ 31. Bxf4) 30... Rc8 31. Nb6 Rc6 32. a4 {[%cal Ba2a4,Ba4a5][%mdl 32]} Qg4 {White should prevent ...Rxb6!} 33. a5 Bh6 (33... Qh5 $16 {might work better.}) 34. Nd5 $18 Bg7 35. Kf2 Qh5 36. Nb4 Rd8 $2 (36... Rcc8 37. Rxd6 Rfe8) 37. Nxc6 bxc6 38. b4 Bf6 (38... Qg4 $142 39. Rd2 Bf8) 39. Qa2 Qg4 {[#]} 40. b5 $1 axb5 41. cxb5 d5 42. Bb6 $2 ({And not} 42. bxc6 d4 $14) (42. Rhg1 $18 Kg7 43. Rg2 (43. bxc6 d4 $16)) 42... Nxf4 $11 43. Bxd8 $4 {[%mdl 8192] [#]} (43. gxf4 $11 Qxf4+ 44. Ke1 Qg3+ 45. Bf2) 43... e3+ $1 {[%mdl 512] Black mates.} 44. Kf1 (44. Kxe3 Qxg3+) 44... Qxg3 {[%csl Ge3][%cal Rg3f2]} 45. Bxf6+ Kg8 {Precision: White = 73%, Black = 35%.} 0-1